[Event "DEN-chT 2425 62nd"]
[Site "Denmark"]
[Date "2025.01.25"]
[Round "5.6"]
[White "Jorgensen, Brian Jorgen"]
[Black "Pedersen, Henrik Dahl"]
[Result "0-1"]
[WhiteElo "2179"]
[BlackElo "2251"]
[PlyCount "79"]
[EventDate "2024.11.02"]
[EventType "team-tourn"]
[EventRounds "9"]
[EventCountry "DEN"]
[SourceTitle "CB16_2025"]
[SourceDate "2025.04.16"]
[SourceVersion "1"]
[SourceVersionDate "2025.04.16"]
[SourceQuality "1"]
[WhiteTeam "Obro"]
[BlackTeam "Koge"]
[WhiteTeamCountry "DEN"]
[BlackTeamCountry "DEN"]

1. c4 Nf6 2. Nc3 g6 3. e4 d6 4. d4 Bg7 5. f3 0-0 6. Nge2 c5 7. d5 e6 8. Ng3 exd5 9. cxd5 Nbd7 10. Be2 a6 11. a4 Rb8 12. 0-0 Qc7 13. Be3 c4 14. Rc1 b5 15. axb5 axb5 16. b4 h5 17. Qd2 h4 18. Nh1 h3 19. g4 Ne5 20. Nf2 Qe7 21. Bg5 Qa7 22. Kh1 Nh7 23. Be3 Qe7 24. f4 Nd3 25. Nxd3 cxd3 26. Bf3 Re8 27. Rce1 g5 28. f5 Bd7 29. Qxd3 Rec8 30. Ne2 Rc4 31. Bd2 Rbc8 32. Ng1 Be5 33. Nxh3 f6 34. Bd1 Rc3 35. Bxc3 Rxc3 36. Qb1 Rxh3 37. Re2 Qg7 38. Rff2 Qh6 39. Ra2 Nf8 40. Be2 0-1

[Event "DEN-chT 2425 62nd"]
[Site "Denmark"]
[Date "2024.12.08"]
[Round "4.6"]
[White "Berg, Klaus"]
[Black "Jorgensen, Brian Jorgen"]
[Result "1-0"]
[WhiteElo "2265"]
[BlackElo "2179"]
[PlyCount "59"]
[EventDate "2024.11.02"]
[EventType "team-tourn"]
[EventRounds "9"]
[EventCountry "DEN"]
[SourceTitle "CB16_2025"]
[SourceDate "2025.04.16"]
[SourceVersion "1"]
[SourceVersionDate "2025.04.16"]
[SourceQuality "1"]
[WhiteTeam "Skanderborg Nordea"]
[BlackTeam "Obro"]
[WhiteTeamCountry "DEN"]
[BlackTeamCountry "DEN"]

1. d4 f5 2. Nf3 Nf6 3. Bg5 d5 4. e3 e6 5. c4 Be7 6. Nc3 0-0 7. Bd3 c6 8. 0-0 h6 9. Bh4 Bd7 10. Qb3 Bc8 11. Ne5 Qe8 12. f3 Nbd7 13. Nxd7 Qxd7 14. Rad1 dxc4 15. Bxc4 b5 16. Be2 Kh8 17. e4 a6 18. exf5 exf5 19. Rfe1 Bd6 20. Bg3 Bxg3 21. hxg3 Nh5 22. f4 Nxg3 23. Bf3 Bb7 24. Qe6 Rad8 25. Qg6 Ne4 26. Nxe4 fxe4 27. Bxe4 Kg8 28. Qh7+ Kf7 29. Bf5 Qd6 30. Be6+ 1-0

[Event "DEN-chT 2223 60th"]
[Site "Denmark"]
[Date "2023.03.05"]
[Round "7.8"]
[White "Jorgensen, Brian Jorgen"]
[Black "Molvig, Henrik"]
[Result "1-0"]
[WhiteElo "2150"]
[BlackElo "2051"]
[PlyCount "65"]
[EventDate "2022.10.29"]
[EventType "team-tourn"]
[EventRounds "9"]
[EventCountry "DEN"]
[SourceTitle "EXT 2024"]
[Source "ChessBase"]
[SourceDate "2023.10.10"]
[SourceVersion "1"]
[SourceVersionDate "2023.10.10"]
[SourceQuality "1"]
[WhiteTeam "Obro"]
[BlackTeam "Koge Xtracon"]
[WhiteTeamCountry "DEN"]
[BlackTeamCountry "DEN"]

1. c4 Nf6 2. Nc3 g6 3. e4 d6 4. d4 Bg7 5. f3 0-0 6. Nge2 c5 7. d5 e6 8. Ng3 exd5 9. cxd5 a6 10. a4 h5 11. Bg5 Re8 12. Be2 Qa5 13. 0-0 Nh7 14. Be3 h4 15. Nh1 f5 16. Nf2 Nd7 17. Bd2 Ndf6 18. exf5 Bxf5 19. g4 hxg3 20. hxg3 Qc7 21. g4 Bc8 22. Bd3 Nf8 23. Qc2 Qf7 24. Kg2 b6 25. Nh3 Bb7 26. Nf4 g5 27. Nh3 Nxd5 28. Nxg5 Qf6 29. Bc4 Re5 30. f4 Rxg5 31. fxg5 Qd4 32. Qe4 Qxc4 33. Qxc4 1-0

[Event "DEN-chT 2122 59th"]
[Site "Denmark"]
[Date "2022.01.16"]
[Round "4.4"]
[White "Jorgensen, Brian Jorgen"]
[Black "Vinter Schou, Uffe"]
[Result "0-1"]
[WhiteElo "2230"]
[BlackElo "2297"]
[PlyCount "84"]
[EventDate "2021.10.30"]
[EventType "team-tourn"]
[EventRounds "9"]
[EventCountry "DEN"]
[SourceTitle "EXT 2024"]
[Source "ChessBase"]
[SourceDate "2023.10.10"]
[SourceVersion "1"]
[SourceVersionDate "2023.10.10"]
[SourceQuality "1"]
[WhiteTeam "Obro"]
[BlackTeam "Aarhus/Skolerne"]
[WhiteTeamCountry "DEN"]
[BlackTeamCountry "DEN"]

1. e4 c5 2. Nc3 a6 3. g3 b5 4. Bg2 Bb7 5. d3 e6 6. Nf3 Nc6 7. 0-0 Be7 8. h3 b4 9. Ne2 Nf6 10. c3 d6 11. Be3 0-0 12. g4 bxc3 13. bxc3 c4 14. Ng3 cxd3 15. Qxd3 Qc7 16. Rab1 Nd7 17. Rfd1 Rfd8 18. Qc4 Rab8 19. Nd4 Nc5 20. Nxc6 Qxc6 21. f3 a5 22. Bxc5 d5 23. exd5 Qxc5+ 24. Qxc5 Bxc5+ 25. Kh1 Bxd5 26. Ne4 Ba3 27. Bf1 Rxb1 28. Rxb1 f5 29. c4 Bc6 30. Ng5 fxg4 31. hxg4 Bb4 32. Rb3 Rd1 33. a3 Ba4 34. Rd3 Rxf1+ 35. Kg2 Rd1 36. Rxd1 Bxd1 37. axb4 axb4 38. c5 Ba4 39. Ne4 b3 40. Nc3 b2 41. Kf2 Kf7 42. Ke3 Bc2 0-1

[Event "DEN-chT 1920 58th"]
[Site "Denmark"]
[Date "2019.11.24"]
[Round "2.6"]
[White "Jorgensen, Brian Jorgen"]
[Black "Nielsen, Thomas Bach"]
[Result "1-0"]
[WhiteElo "2219"]
[BlackElo "2119"]
[PlyCount "81"]
[EventDate "2019.11.23"]
[EventType "team-tourn"]
[EventRounds "9"]
[EventCountry "DEN"]
[SourceTitle "CBM 193 Extra"]
[Source "ChessBase"]
[SourceDate "2020.01.31"]
[SourceVersion "1"]
[SourceVersionDate "2020.01.31"]
[SourceQuality "1"]
[WhiteTeam "Obro"]
[BlackTeam "Ballerup"]
[WhiteTeamCountry "DEN"]
[BlackTeamCountry "DEN"]

1. d4 f5 2. g3 Nf6 3. Bg2 g6 4. Nf3 Bg7 5. 0-0 0-0 6. b3 d6 7. Bb2 Nc6 8. d5 Na5 9. c4 c5 10. Nc3 a6 11. Nd2 Rb8 12. Qc2 b5 13. e3 bxc4 14. bxc4 e5 15. Ne2 g5 16. Bc3 Bd7 17. Rab1 Qc7 18. Rxb8 Rxb8 19. Qc1 Ra8 20. Qa3 Nb7 21. Rb1 Ra7 22. f4 gxf4 23. exf4 e4 24. Nf1 Ng4 25. Bxg7 Kxg7 26. Qc3+ Kg6 27. h3 Nf6 28. Ne3 Qa5 29. Qc2 h5 30. g4 hxg4 31. hxg4 Nd8 32. g5 Nh5 33. Bxe4 fxe4 34. Qxe4+ Kg7 35. f5 Qd2 36. f6+ Nxf6 37. gxf6+ Kxf6 38. Rf1+ Kg7 39. Qe7+ Kh6 40. Rf6+ Kg5 41. Qg7+ 1-0

[Event "Helsingor Xtracon op"]
[Site "Helsingor"]
[Date "2019.07.28"]
[Round "10"]
[White "Jorgensen, Brian Jorgen"]
[Black "Baliuniene, Margarita"]
[Result "1-0"]
[WhiteElo "2251"]
[BlackElo "1917"]
[PlyCount "83"]
[EventDate "2019.07.20"]
[EventType "swiss"]
[EventRounds "10"]
[EventCountry "DEN"]
[SourceTitle "CBM 191 Extra"]
[Source "ChessBase"]
[SourceDate "2019.09.30"]
[SourceVersion "1"]
[SourceVersionDate "2019.09.30"]
[SourceQuality "1"]

1. d4 d5 2. Bf4 Nf6 3. e3 e6 4. Nd2 c5 5. c3 Nc6 6. Ngf3 Bd6 7. Bg3 Qe7 8. Ne5 0-0 9. Bd3 Bd7 10. f4 c4 11. Bc2 b5 12. Bh4 Qe8 13. Bxf6 gxf6 14. Qh5 f5 15. Qg5+ Kh8 16. Qf6+ Kg8 17. g4 Nxe5 18. fxe5 Be7 19. Qh6 Kh8 20. gxf5 exf5 21. Rg1 Rg8 22. 0-0-0 Rg6 23. Qh5 Qc8 24. Nf3 a5 25. Rg3 Raa6 26. Rh3 Rh6 27. Qxh6 Rxh6 28. Rxh6 b4 29. Rg1 bxc3 30. bxc3 Be6 31. Ng5 Bxg5 32. Rxg5 Qf8 33. Rh3 Qa3+ 34. Kd2 Qxa2 35. Rhg3 f6 36. exf6 Qa3 37. Bxf5 Bf7 38. Rg7 Qb2+ 39. Bc2 Bg6 40. R3xg6 hxg6 41. Rxg6 Qb8 42. f7 1-0

[Event "Helsingor Xtracon op"]
[Site "Helsingor"]
[Date "2019.07.27"]
[Round "9"]
[White "Kakulidis, Ellen"]
[Black "Jorgensen, Brian Jorgen"]
[Result "1-0"]
[WhiteElo "1998"]
[BlackElo "2251"]
[PlyCount "93"]
[EventDate "2019.07.20"]
[EventType "swiss"]
[EventRounds "10"]
[EventCountry "DEN"]
[SourceTitle "CBM 191 Extra"]
[Source "ChessBase"]
[SourceDate "2019.09.30"]
[SourceVersion "1"]
[SourceVersionDate "2019.09.30"]
[SourceQuality "1"]

1. d4 f5 2. Nc3 Nf6 3. Bg5 d5 4. e3 g6 5. h4 Bg7 6. h5 Be6 7. h6 Bf8 8. Be2 Nbd7 9. Nh3 c6 10. Nf4 Bf7 11. g4 e6 12. Nd3 Qb6 13. Bf4 Be7 14. Rb1 a5 15. Ne5 0-0 16. g5 Nxe5 17. gxf6 Bxf6 18. dxe5 Be7 19. Kf1 Kh8 20. Rg1 Qd8 21. Bd3 g5 22. Bh2 Rg8 23. Bg3 Rg6 24. Rh1 Bf8 25. Be2 Rxh6 26. Rxh6 Bxh6 27. Bh5 Bg8 28. Qf3 b5 29. Qh1 Qf8 30. Bf3 Bg7 31. Ne2 c5 32. Bg2 h6 33. b3 Bh7 34. Rd1 b4 35. f4 a4 36. c4 bxc3 37. Nxc3 axb3 38. axb3 Rb8 39. Nxd5 Rxb3 40. Nf6 g4 41. Nh5 Qb8 42. Kg1 Rb1 43. Kh2 Rxd1 44. Qxd1 Bf8 45. Qd7 Bg6 46. Nf6 Qb6 47. Qc8 1-0

[Event "Helsingor Xtracon op"]
[Site "Helsingor"]
[Date "2019.07.25"]
[Round "7"]
[White "Jorgensen, Brian Jorgen"]
[Black "Green, Per"]
[Result "1-0"]
[WhiteElo "2251"]
[BlackElo "1959"]
[PlyCount "111"]
[EventDate "2019.07.20"]
[EventType "swiss"]
[EventRounds "10"]
[EventCountry "DEN"]
[SourceTitle "CBM 191 Extra"]
[Source "ChessBase"]
[SourceDate "2019.09.30"]
[SourceVersion "1"]
[SourceVersionDate "2019.09.30"]
[SourceQuality "1"]

1. e4 c5 2. Nf3 e6 3. d3 Nc6 4. g3 Nf6 5. Bg2 d6 6. 0-0 Be7 7. Nbd2 Qc7 8. c3 0-0 9. Re1 b6 10. Nf1 Bb7 11. h3 b5 12. g4 a5 13. Ng3 Ne5 14. g5 Nxf3+ 15. Qxf3 Nd7 16. Qe2 Rfe8 17. h4 d5 18. e5 d4 19. Bxb7 Qxb7 20. h5 Rac8 21. g6 fxg6 22. hxg6 hxg6 23. Qg4 Nf8 24. cxd4 cxd4 25. Ne4 Rc2 26. b3 Bb4 27. Rf1 Qf7 28. a3 Be7 29. Ng3 Rd8 30. Qd1 Rdc8 31. Bd2 Bd8 32. f4 Qb7 33. Ne4 Qd5 34. Rb1 Ra2 35. Rf2 Rcc2 36. a4 Rab2 37. Be1 Rxf2 38. Bxf2 Rxb1 39. Qxb1 Bb6 40. Qc2 Qd7 41. axb5 Qxb5 42. Kg2 Qd5 43. Kf1 Qd7 44. Ke2 g5 45. Nxg5 Ng6 46. Kf3 Ne7 47. Qc4 Qd5+ 48. Ne4 Nf5 49. Qc8+ Kh7 50. Qe8 Ne3 51. Bxe3 dxe3 52. Qxe6 Qxe6 53. Ng5+ Kg6 54. Nxe6 Kf7 55. f5 Kg8 56. d4 1-0

[Event "DEN-ch cand"]
[Site "Svendborg"]
[Date "2019.04.22"]
[Round "7"]
[White "Lilja, Richard"]
[Black "Jorgensen, Brian Jorgen"]
[Result "1/2-1/2"]
[WhiteElo "2065"]
[BlackElo "2261"]
[PlyCount "83"]
[EventDate "2019.04.16"]
[EventType "swiss"]
[EventRounds "7"]
[EventCountry "DEN"]
[SourceTitle "EXT 2020"]
[Source "ChessBase"]
[SourceDate "2019.10.17"]
[SourceVersion "1"]
[SourceVersionDate "2019.10.17"]
[SourceQuality "1"]

1. e4 e6 2. d3 d5 3. Nd2 c5 4. Ngf3 Nc6 5. g3 g6 6. Bg2 Bg7 7. 0-0 Nge7 8. Re1 b6 9. exd5 Nxd5 10. h4 h6 11. Nc4 Qc7 12. a4 0-0 13. h5 g5 14. Qe2 f6 15. c3 Rd8 16. Bh3 e5 17. Bxc8 Raxc8 18. Bd2 Qd7 19. Rad1 Qg4 20. Nh2 Qxe2 21. Rxe2 Nc7 22. Bc1 Rd7 23. Ne3 Rcd8 24. Red2 Na5 25. b4 Nb3 26. Rb2 Nxc1 27. Rxc1 Ne6 28. a5 Rxd3 29. bxc5 bxc5 30. Nhg4 R8d7 31. Nf5 Kh7 32. Kg2 Rc7 33. Rb8 c4 34. Nfxh6 Nc5 35. Nf5 Nb3 36. Rh1 Bh8 37. Rf8 Rxc3 38. Nxf6+ Bxf6 39. Rxf6 Rd3 40. Rh6+ Kg8 41. Rg6+ Kh7 42. Rh6+ 1/2-1/2

[Event "DEN-ch cand"]
[Site "Svendborg"]
[Date "2018.03.31"]
[Round "5"]
[White "Jorgensen, Brian Jorgen"]
[Black "Aabling Thomsen, Jakob"]
[Result "0-1"]
[WhiteElo "2239"]
[BlackElo "2360"]
[PlyCount "96"]
[EventDate "2018.03.27"]
[EventType "swiss"]
[EventRounds "7"]
[EventCountry "DEN"]
[SourceTitle "EXT 2019"]
[Source "ChessBase"]
[SourceDate "2018.10.10"]
[SourceVersion "1"]
[SourceVersionDate "2018.10.10"]
[SourceQuality "1"]

1. d4 g6 2. Bf4 Bg7 3. e3 d6 4. Nf3 Nd7 5. Be2 e5 6. Bg3 Ne7 7. h3 0-0 8. 0-0 h6 9. c4 Nf5 10. Nc3 Nxg3 11. fxg3 c6 12. Qd2 Qe7 13. g4 Re8 14. Ne1 exd4 15. exd4 Qg5 16. Qxg5 Bxd4+ 17. Kh1 hxg5 18. Bd3 Nc5 19. Rf3 Bxc3 20. bxc3 Be6 21. Bf1 d5 22. cxd5 Bxd5 23. Rf2 Re3 24. c4 Be4 25. Nf3 Bxf3 26. gxf3 Rd8 27. Bg2 Red3 28. Bf1 Rd2 29. Kg1 Kg7 30. a3 R8d4 31. Re2 Rxe2 32. Bxe2 Rd2 33. Kf2 Rb2 34. Ke3 Kf6 35. Kd4 Ne6+ 36. Ke3 Ke5 37. Bd1 Nc5 38. Rc1 f5 39. Bc2 Ra2 40. a4 Ra3+ 41. Ke2 Nxa4 42. f4+ gxf4 43. gxf5 gxf5 44. h4 Nc3+ 45. Kd2 Ne4+ 46. Bxe4 fxe4 47. Rh1 Rd3+ 48. Kc2 Rd6 0-1

[Event "DEN-ch cand"]
[Site "Svendborg"]
[Date "2018.03.27"]
[Round "1"]
[White "Jorgensen, Brian Jorgen"]
[Black "Hardlei, Johan"]
[Result "1-0"]
[WhiteElo "2239"]
[BlackElo "2188"]
[PlyCount "75"]
[EventDate "2018.03.27"]
[EventType "swiss"]
[EventRounds "7"]
[EventCountry "DEN"]
[SourceTitle "EXT 2019"]
[Source "ChessBase"]
[SourceDate "2018.10.10"]
[SourceVersion "1"]
[SourceVersionDate "2018.10.10"]
[SourceQuality "1"]

1. d4 Nf6 2. Bf4 g6 3. e3 Bg7 4. Nf3 0-0 5. Be2 d6 6. 0-0 Nbd7 7. h3 Re8 8. Bh2 c5 9. c3 b6 10. a4 Bb7 11. a5 a6 12. axb6 Qxb6 13. Nbd2 cxd4 14. exd4 Bd5 15. Qc2 Reb8 16. b4 Qc6 17. Bd3 Bh6 18. Rfe1 Bxd2 19. Qxd2 Bxf3 20. gxf3 e6 21. c4 Rc8 22. Be2 d5 23. c5 Ne8 24. Qd3 Nb8 25. Qe3 Nc7 26. Ra2 Nb5 27. Rea1 Nd7 28. Ra5 Re8 29. Kg2 h5 30. Qf4 Kg7 31. Bxb5 axb5 32. Rxa8 Rxa8 33. Rxa8 Qxa8 34. Qc7 Nf8 35. Be5+ Kg8 36. Qe7 Nh7 37. c6 Qxc6 38. Qd8+ 1-0